The heart of the Christian matter : (Record no. 1937)

MARC details
000 -LEADER
fixed length control field 00760cam a2200253 a 4500
001 - CONTROL NUMBER
control field 2332748
003 - CONTROL NUMBER IDENTIFIER
control field GBCCL
005 - DATE AND TIME OF LATEST TRANSACTION
control field 20241126110413.0
008 - FIXED-LENGTH DATA ELEMENTS--GENERAL INFORMATION
fixed length control field 820804s1983 tnu b 001 0 eng
010 ## -
-- 82013921
020 ## - INTERNATIONAL STANDARD BOOK NUMBER
International Standard Book Number 0687167655 (pbk.)
040 ## - CATALOGING SOURCE
Original cataloging agency DLC
Transcribing agency DLC
Modifying agency DLC
050 00 -
-- BT77
-- .C235 1983
082 00 - DEWEY DECIMAL CLASSIFICATION NUMBER
Classification number 230
Edition information 19
Item number CAR
100 1# - MAIN ENTRY--PERSONAL NAME
Personal name Carmody, John,
Dates associated with a name 1939-
9 (RLIN) 4014
245 14 - TITLE STATEMENT
Title The heart of the Christian matter :
Remainder of title an ecumenical approach /
Statement of responsibility, etc. John Carmody.
260 ## - PUBLICATION, DISTRIBUTION, ETC.
Place of publication, distribution, etc. Nashville :
Name of publisher, distributor, etc. Abingdon,
Date of publication, distribution, etc. c1983.
300 ## - PHYSICAL DESCRIPTION
Extent 303 p. ;
Dimensions 20 cm.
500 ## - GENERAL NOTE
General note Includes index.
504 ## - BIBLIOGRAPHY, ETC. NOTE
Bibliography, etc. note Bibliography: p. 293-296.
650 #0 - SUBJECT ADDED ENTRY--TOPICAL TERM
Topical term or geographic name entry element Theology, Doctrinal
General subdivision Popular works.
9 (RLIN) 315
906 ## - LOCAL DATA ELEMENT F, LDF (RLIN)
a 7
b cbc
c orignew
d 1
e ocip
f 19
g y-gencatlg
942 ## - ADDED ENTRY ELEMENTS (KOHA)
Source of classification or shelving scheme Dewey Decimal Classification
Koha item type Books
Koha issues (borrowed), all copies 1
Holdings
Withdrawn status Lost status Source of classification or shelving scheme Damaged status Not for loan Home library Current Library Shelving location Date acquired Total checkouts Full call number Barcode Date last seen Date last checked out Copy number Price effective from Koha item type
    Dewey Decimal Classification     GRACE BIBLE COLLEGE GRACE BIBLE COLLEGE Theology 2017-06-02 1 230 CAR 008464 2025-05-01 2018-10-09 c.1 2017-06-02 Books
© Grace Bible College Library 2025